| 000 | 00435nam a2200181Ia 4500 | ||
|---|---|---|---|
| 005 | 20240823063059.0 | ||
| 008 | 240823s9999||||xx |||||||||||||| ||und|| | ||
| 041 | _aENGLISH | ||
| 082 | _A005.7565 N5 | ||
| 100 | _a"Siegel,Charles" | ||
| 245 | 0 | _aTeach yourself dBASE for Windows | |
| 250 | _a1st | ||
| 260 |
_c1995 _b"BPB,New Delhi" |
||
| 500 | _aYES | ||
| 650 |
_aDbase _bComputer Applications |
||
| 942 | _cBK | ||
| 999 |
_c237400 _d237400 |
||